1530 1116 1120 1489 1938 1741 1528 1100 1415 1326 1454 1556 1662 1312 1816 1550 1315 1803 1264 1021 1925 1510 1017 1536 1509 1551 1006 1098 1031 1158 1984 1194 1375 1734 1288 1842 1516 1666 1962 1966 1063 1435 1625 1738 1944 1504 1605 1224 1695 1620 1713 1195 1814 1762 1062 1246 1245 1196 1214 1526 1831 1084 1729 1416 1266 1406 1497 1207 1463 1085 1697 1652 1013 1811 1782 1385 1367 1048 1779 1520 1499 1023 1527 1307 1200 1515 1725 1838 1015 1967 1986 1410 1821 1449 1922 1645 1895 1418 1900 BCNSPRNW ULIB Ver.6.0+V

เปลี่ยนเป็นภาษาไทย

Change to English
 แสดงรายละเอียดบรรณานุกรม
  กลับหน้าหลัก

Brief Record : Get Marc (ISO 2709) : E-mail record : QR code < ปิดหน้าต่าง
LEADER : 00000nam 2200000uu 4500
001    13399113490
003     ULIB
008    111122s2550||||th 000 0 tha d
020    ^a9789744347595
090    ^aนว.^bด361ผ 2550
100 0  ^aดับลิว เค จา
245 00 ^aแผนลับ ฉบับ 50 วัน/^cดับลิว เค จา
250    ^aพิมพ์ครั้งที่ 1
260    ^aกรุงเทพฯ:^bฟิสิกส์เซ็นเตอร์,^c2550
300    ^a298 หน้า
710 1  ^aฟิสิกส์เซ็นเตอร์
945    ^p195^l0^i020589
995    ^aทศพร
999 ^a ทศพร
รายการนี้ยังไม่มีแท็ก
คุณยังไม่ได้ล็อกอิน คุณสามารถมีกิจกรรมร่วมกับเว็บไซต์ได้ แต่ต้องล็อกอินก่อน ::
  ล็อกอิน

รายการสื่อสารสนเทศ

ลำดับที่ ประเภท เลขเรียก/บาร์โค้ด สถานที่ สถานะ
1. นวนิยาย
นวนิยาย
นว. ด361ผ 2550 ฉ.1 
  Barcode: 020589
ห้องสมุดวิทยาเขตสวรรค์ประชารักษ์
►นวนิยาย
บนชั้น
  ขอยืม

BibComment


ยังไม่เคยถูกคอมเมนท์

คอมเมนท์ทรัพยากรรายการนี้
  คอมเมนท์: แผนลับ ฉบับ 50 ว..


 Copyright 2026. Bcnsprnw @Library